|
|
|
|
| LEADER |
00000nab a2200000 a 4500 |
| 001 |
vtls009090724 |
| 003 |
SK-MaSNL |
| 005 |
20260304152408.0 |
| 008 |
250506|2006 xo u|me|||||||00 ||slo |
| 015 |
|
|
|a SNBRA2007/08
|
| 035 |
|
|
|a (uuid)91523c70-f6ba-4f10-a9ba-c5c99fa822a8
|
| 035 |
|
|
|a urn:nbn:sk:snk-abadn4
|
| 035 |
|
|
|a (urnnbn)urn:nbn:sk:snk:ar-008c70
|
| 038 |
|
|
|a SNKBUCL
|
| 040 |
|
|
|a SNKBUCL
|b slo
|c SNKBUCL
|e AACR2
|
| 041 |
0 |
|
|a slo
|
| 044 |
|
|
|a xo
|c SK
|
| 080 |
|
|
|a 271.2
|2 2001
|
| 080 |
|
|
|a 232.33
|2 1997
|
| 080 |
|
|
|a 230.112
|2 1997
|
| 100 |
1 |
|
|a Pružinský, Štefan,
|d 1974-
|4 aut
|9 104707
|
| 245 |
1 |
0 |
|a "Daj pozor na seba a na učenie"
|c Štefan Pružinský
|
| 504 |
|
|
|a Bibliogr. odkazy
|
| 630 |
0 |
7 |
|a Biblia
|2 snkbucl
|9 17043
|
| 650 |
0 |
7 |
|a pravoslávie
|2 snkbucl
|9 4092
|
| 650 |
0 |
7 |
|a kresťanské učenie
|2 snkbucl
|9 1960
|
| 773 |
0 |
|
|t Pravoslávny teologický zborník XXX (15)
|d Prešov : Prešovská univerzita - Pravoslávna bohoslovecká fakulta, 2006
|g S. 72-95
|z 808068541X
|
| 850 |
|
|
|a Slovenská národná knižnica
|
| 852 |
|
|
|a Slovenská národná knižnica
|
| 954 |
|
|
|a odborná, vedecká literatúra pôvodná (slovenská)
|2 lita
|
| 958 |
|
|
|a article14
|
| 958 |
|
|
|a OND
|
| 958 |
|
|
|a SK
|
| 958 |
|
|
|a NB
|
| 958 |
|
|
|a EUIPO
|
| 999 |
|
|
|c 2948784
|d 2950714
|